| 000 | 01537nam a2200277Ia 4500 | ||
|---|---|---|---|
| 999 |
_c50325 _d50325 |
||
| 001 | 17266 | ||
| 003 | GE_BSU | ||
| 005 | 20221007112450.0 | ||
| 008 | 181216s212 xx |||||||||||||| ||geo|| | ||
| 020 | _a9789941436574 | ||
| 040 | _cGE_BSU | ||
| 041 | _ageo | ||
| 080 | _a1(479.22) ი-35 | ||
| 100 |
_aიეკი, უდო რაინჰოლდ. _96925 |
||
| 245 |
_aErlauterungen zur georgischen Philosophie = განაზრებანი ქართული ფილოსოფიის შესახებ / _cუდო რაინჰოლდ იეკი ; გერმ. თარგმნა ლალი ზაქარაძემ ; რედ. გურამ თევზაძე |
||
| 250 | _aმე-2 გამოცემა | ||
| 264 |
_aთბილისი : _bნეკერი, _c2012. |
||
| 300 |
_a90 გვ. ; _c14 სმ. |
||
| 501 | _aტექსტი, თავფურ., ყდა გერმ. და ქართ.სახელთა საძიებელი: გვ. 82-85. | ||
| 653 | _aფილოსოფია. | ||
| 653 | _aქართული ფილოსოფია | ||
| 700 |
_aზაქარაძე, ლალი _eმთარგმნელი _96926 |
||
| 700 |
_aთევზაძე, გურამ _eრედაქტორი _96927 |
||
| 710 |
_eგრიგოლ რობაქიძის სახ. უნ-ტი, ფილოს. და სოციალ. მეცნ. კვლევ. ინ-ტი _96937 |
||
| 942 |
_cBK _2udc |
||